| Поле | Название | Значение |
| |
Тип записи |
i |
| |
Библиографический уровень |
m |
| 001 |
Контрольный номер |
RU\NLR\BIBL_A\011616036 |
| 005 |
Дата корректировки |
20201206205200.7 |
| 010 |
Индекс ISBN |
__ |
| a |
ISBN |
978-5-9677-2659-0 (в кор.) |
| d |
Цена |
405-00 |
| 100 |
Данные общей обработки |
__ |
| a |
Данные общей обработки |
19190422d2017||||||| 0rusy0189 ca |
| 101 |
Язык документа |
1_ |
| a |
Язык текста |
rus |
| c |
Язык оригинала |
fre |
| 102 |
Страна публикации |
__ |
| a |
Страна публикации |
RU |
| 102 |
Страна публикации |
__ |
| a |
Страна публикации |
RU |
| 105 |
Кодированные данные (монография) |
__ |
| a |
Кодированные данные (монография) |
|| ||||| |zy |
| 200 |
Заглавие и сведения об ответственности |
1_ |
| a |
Заглавие |
Воспитание чувств |
| e |
Сведения, относящиеся к заглавию |
аудиокнига |
| f |
Первые сведения об ответственности |
Гюстав Флобер ; перевод с французского Е. Бекетовой ; исполнитель: Максим Суслов ; музыка Вячеслава Тупиченко |
| b |
Общее обозначение материала |
Звукозапись |
| 210 |
Выходные данные |
__ |
| a |
Место издания |
Москва |
| c |
Издательство |
1С-Паблишинг |
| d |
Дата издания |
2017 |
| 215 |
Физическое описание |
__ |
| a |
Объем |
2 электрон. опт. диска (CD-DA) |
| c |
Иллюстрации/тип воспроизводства |
mp3 |
| d |
Формат |
12 см |
| 225 |
Серия |
__ |
| a |
Серия |
1С: Аудиокниги |
| 225 |
Серия |
__ |
| a |
Серия |
Зарубежная классика |
| 230 |
Специфическая характеристика материала: электронные ресурсы |
__ |
| a |
Обозначение и объем ресурса |
Электронные звуковые данные |
| 300 |
Общие примечания |
__ |
| a |
Общие примечания |
Заглавие с этикетки диска |
| 330 |
Аннотация |
__ |
| a |
Аннотация |
Роман, где Флобер изображает своего героя Фредерика Моро на широком социальном фоне парижской жизни во время революции 1848 г. и первых лет после ее поражения. Флобер показывает, как атмосфера расчета, беспринципности, безнравственности отрезвляет романтического мечтателя, бесплодно пытающегося быть чистым и верным в любви, героическим в политической борьбе. Моро пытается сделать карьеру, реализовать свои природные способности, он хочет и умеет любить. Но его избранница связана узами брака, а все начинания Фредерика - писательство, живопись, юриспруденция - так и остаются начинаниями… |
| 333 |
Примечание о целевом назначении |
__ |
| a |
Примечание о целевом назначении |
16+. Для детей старше 16 лет |
| 337 |
Примечание о системных требованиях (электронные ресурсы) |
__ |
| a |
Примечание о системных требованиях (электронные ресурсы) |
Системные требования: MS Windows 95/98/2000/XP/Vista/7/8/10 ; Pentium 100 ; ОЗУ 16 Мб ; монитор SVGA, 800х600 ; устройство чтения CD/DVD-ROM ; звуковая карта ; колонки или наушники ; мышь ; аудиосистемы с поддержкой формата MP3: музыкальный центр ; CD/DVD-плеер и т. д. |
| 606 |
Тематические рубрики |
__ |
| a |
Основная рубрика |
Художественная литература |
| 606 |
Тематические рубрики |
__ |
| a |
Основная рубрика |
Литература Европы (произведения) |
| y |
Географическая подрубрика |
Франция |
| 610 |
Ключевые слова |
__ |
| a |
Ключевые слова |
французская литература |
| 610 |
Ключевые слова |
__ |
| a |
Ключевые слова |
романы |
| 610 |
Ключевые слова |
__ |
| a |
Ключевые слова |
тема чувств |
| 610 |
Ключевые слова |
__ |
| a |
Ключевые слова |
воспитательные романы |
| 610 |
Ключевые слова |
__ |
| a |
Ключевые слова |
тема сатиры |
| 610 |
Ключевые слова |
__ |
| a |
Ключевые слова |
социально-психологические романы |
| 610 |
Ключевые слова |
__ |
| a |
Ключевые слова |
биографические романы |
| 686 |
Индексы других классификаций |
__ |
| 2 |
Код системы |
rubbks |
| a |
Классификационный индекс |
84(4Фра)52-4я04 |
| 700 |
Автор |
_1 |
| a |
Фамилия |
Флобер |
| b |
Имя |
Г. |
| f |
Даты |
1821-1880 |
| g |
Полное личное имя |
Гюстав |
| 4 |
Код отношения |
070 |
| 702 |
Вторичная интеллектуальная ответственность |
_1 |
| a |
Фамилия |
Суслов |
| b |
Имя |
М. |
| 4 |
Код отношения |
Прочие |
| g |
Полное личное имя |
Максим |
| 4 |
Код отношения |
570 |
| 702 |
Вторичная интеллектуальная ответственность |
_1 |
| a |
Фамилия |
Тупиченко |
| b |
Имя |
В. |
| 4 |
Код отношения |
Композитор |
| g |
Полное личное имя |
Вячеслав |
| 4 |
Код отношения |
230 |
| 702 |
Вторичная интеллектуальная ответственность |
_1 |
| a |
Фамилия |
Бекетова |
| b |
Имя |
Е. Г. |
| 4 |
Код отношения |
Переводчик |
| f |
Даты |
1834-1902 |
| g |
Полное личное имя |
Елизавета Григорьевна |
| 4 |
Код отношения |
730 |
| 801 |
Источник записи |
_0 |
| a |
Страна |
RU |
| b |
Организация |
NLR |
| c |
Дата составления |
20190422 |
| g |
Правила каталогизации |
PSBO |
| 801 |
Источник записи |
_2 |
| a |
Страна |
RU |
| b |
Организация |
Муниципальное бюджетное учреждение культуры "Централизованная библиотечная система" г. Сургут (Центральная городская библиотека им. А. С. Пушкина) |
| c |
Дата составления |
20190422 |
| 852 |
Данные о местонахождении |
__ |
| j |
Шифр хранения |
84(4Фра)52-4я04 |
| i |
Авторский знак |
Ф 73 |
| 901 |
Тип документа |
__ |
| a |
Ответственный |
КиК/Мамарузиева |
| t |
Тип документа |
0 |
| 903 |
Характеристики (МАРС) |
__ |
| a |
Дата передачи |
20190422 |
| 969 |
Тип издания |
__ |
| a |
Тип издания |
аудиокнига |
| a |
Тип издания |
издание для слепых |
| 990 |
Данные о заказе (DOS) |
__ |
| j |
Количество экземпляров (DOS) |
2 |
| t |
N записи в КСУ для И/У (DOS) |
201905 |